| 000 | 00488nam a22001937a 4500 | ||
|---|---|---|---|
| 003 | MPLRDC | ||
| 005 | 20220104154607.0 | ||
| 008 | 210129b ||||| |||| 00| 0 eng d | ||
| 020 | _a986-7755-50-2 | ||
| 082 | _a494.35 HBD | ||
| 100 | _a阿尔伯特.哈伯德 | ||
| 245 |
_a态度决定一切 _c杜风译 |
||
| 250 | _a初版 | ||
| 260 |
_a台湾 _b乔木书房 _c2005 |
||
| 300 | _b平 | ||
| 490 | _aCONCEPT. 08 | ||
| 650 | _a企业管理--人事管理 | ||
| 942 |
_cBK _o494.35 HBD |
||
| 999 |
_c54070 _d54060 |
||